书目信息 |
| 题名: |
质量管理统计方法
|
|
| 作者: | 铁健司 著 ;韩福荣 , 顾力刚 译 | |
| 分册: | ||
| 出版信息: | 北京 机械工业出版社 2006 |
|
| 页数: | 270页 | |
| 开本: | 21cm | |
| 丛书名: | ||
| 单 册: | ||
| 中图分类: | F273.2 | |
| 科图分类: | ||
| 主题词: | 质量管理--统计分析 , 质量管理 , 统计分析 | |
| 电子资源: | ||
| ISBN: | 978-7-111-18659-5 | |
| 000 | 00977nam0 2200289 450 | |
| 001 | 524 | |
| 005 | 20140909092010.15 | |
| 010 | @a978-7-111-18659-5@dCNY20.00 | |
| 100 | @a20060104d2006 em y0chiy50 ea | |
| 101 | 1 | @achi@cjpn |
| 102 | @aCN@b110000 | |
| 105 | @ay z 000yy | |
| 106 | @ar | |
| 200 | 1 | @a质量管理统计方法@AZhi Liang Guan Li Tong Ji Fang Fa@f(日)铁健司著@F( Ri ) Tie Jian Si Zhu@g韩福荣,顾力刚等译 |
| 210 | @a北京@c机械工业出版社@d2006 | |
| 215 | @a270页@d21cm | |
| 305 | @a日本科技连出版社授权出版 | |
| 330 | @a本书以基本概念、基本理论、基本方法为线索,以常用的统计方法为中心,对质量管理的统计方法进行了深入浅出的介绍。 | |
| 606 | 0 | @a质量管理@x统计分析 |
| 606 | 0 | @a质量管理 |
| 606 | 0 | @a统计分析 |
| 690 | @aF273.2@v5 | |
| 701 | 0 | @g(日)@a铁健司@ATie Jian Si@f(1929~)@4著 |
| 702 | 0 | @a韩福荣@AHan Fu Rong@f(1942~)@4译 |
| 702 | 0 | @a顾力刚@AGu Li Gang@f(1956~)@4译 |
| 801 | 0 | @aCN@bTANGWEI@c20140603 |
| 905 | @b0838810-12@dF273.2@e1053@f3 | |
| 质量管理统计方法/(日)铁健司著/韩福荣,顾力刚等译.-北京:机械工业出版社,2006 |
| 270页;21cm |
| ISBN 978-7-111-18659-5:CNY20.00 |
| 本书以基本概念、基本理论、基本方法为线索,以常用的统计方法为中心,对质量管理的统计方法进行了深入浅出的介绍。 |
| ● |
| 相关链接 |
|
|
|
|
正题名:质量管理统计方法
索取号:F273.2/1053
 
预约/预借
| 序号 | 登录号 | 条形码 | 馆藏地/架位号 | 状态 | 备注 |
| 1 | 0838810 | 208388109 | 第一样本阅览室/ [索取号:F273.2/1053] | 在馆 | |
| 2 | 0838811 | 208388118 | 密集书库-海洋学院/ [索取号:F273.2/1053] | 在馆 | |
| 3 | 0838812 | 208388127 | 第一借阅区/ [索取号:F273.2/1053] | 在馆 |